| 000 | 00825cam a2200253 a 4500 | ||
|---|---|---|---|
| 001 | 000004898 | ||
| 005 | 20200929151528.0 | ||
| 008 | 990304s1998 xxc 001 p spa | ||
| 020 | _a0921411804 (pbk.) | ||
| 041 | 1 | 7 |
_aspa _heng |
| 082 |
_a811.54 _bR585t |
||
| 100 | 1 |
_aRio, Nela, _b1977- _914164 |
|
| 240 | 1 | 0 |
_aTunnel of the green prow. _lEspañol |
| 245 | 1 | 0 |
_aTúnel de proa verde : _bpoemas / _cNela Rio ; traducción, Hugh Hazelton . |
| 246 | 3 | 1 | _aTunnel of the green prow |
| 260 |
_aCanadá : _bBroken Jaw Press, _c1998. |
||
| 300 |
_a88 p. ; _c23 cm. |
||
| 534 |
_aTítulo original _tTunnel of the green prow. |
||
| 650 | 4 |
_aPoesía canadiense _914165 |
|
| 650 | 4 |
_aLiteratura canadiense _ySIGLO XX _97991 |
|
| 700 | 1 |
_aHazelton, Hugh _etr. _914166 |
|
| 910 | _aCatalogación por copia noche/ | ||
| 999 |
_c4704 _d4704 |
||
| 040 | _aDO-SdBNP | ||